| 000 | 01277nam a2200325 c 4500 | ||
|---|---|---|---|
| 003 | BLK | ||
| 005 | 20231103005130.0 | ||
| 008 | 180408b bul|||||r ||||||| ||bul|| | ||
| 010 | _aKNG00055691000 | ||
| 020 |
_a954-26-0319-3 _bиздат.: Хермес |
||
| 040 | _aBLK | ||
| 041 |
_aBUL _cBUL |
||
| 080 |
_aАмериканска литература (на САЩ) _b821.111(73) _x-312.4 _z821.111(73)-312.4 |
||
| 100 | 1 |
_aРайх, Кристофър _eпърви автор _9274980 |
|
| 700 |
_aАлтънчев, Огнян Иванов _d1949- _9365196 |
||
| 139 |
_aРайх, Кристофър _bР 29 |
||
| 245 | 1 | 0 |
_aБанкер на дявола _bРоман _cКристофър Райх; прев. от англ. Огнян Иванов Алтънчев. |
| 257 | _aUSA | ||
| 260 |
_аПловдив _bХермес _c2005 _fХасково : Полиграфюг |
||
| 300 |
_a398 с. _c21 см |
||
| 380 | _aX | ||
| 490 | 1 | _aМегаселър | |
| 500 | _aОриг. загл. The Devil's Banker / Chistopher Reich. - Офс. изд. | ||
| 852 | _aЦб 224900 | ||
| 856 | 4 |
_qpdf _u |
|
| 856 | 4 |
_qpdf _u |
|
| 942 |
_cKNG _n0 |
||
| 944 |
_aCR _c05.10.2005 _k _lCRON CRON |
||
| 944 |
_aED _c14.09.2015 _kВиолета_Тройчева |
||
| 999 |
_c51776 _d51776 |
||